00698 a2200193 450000500170000001000150001702000270003203500140005903700090007308200140008210000310009624500490012726000500017627000500022630000200027694200330029699900190032995201560034820250108152117.0 aENG-143231 a9781938409226c3947.00 aEN-126763 bDBAD a320.95895 aRobert, Lee Victor 976112 aPerformance Anomalies/cBy Lee Victor Robert aUnited States of AmericabPerimeter Sixc2012 aLibrary Of CongressbUnited States of America a278p.c24cm(hb) adplcEN2ddch320.95895mLEE c208212d208212 001040708NFICaAVbAVd2025-01-08eDelivery of Books Divisiong3947.00l0o320.95895 LEEpEN-126763r2025-01-08 00:00:00t1v3947.00w2025-01-08yEN